Cultural Diplomacy and Foreign Trade Corellation - The Case of Slovakia

Preskúmanie vzťahu medzi kultúrnou diplomaciou Slovenska a bilaterálnymi hospodárskymi vzťahmi s krajinami, v ktorých sa nachádza slovenský inštitút. Zistenie či lokality slovenských kultúrnych inštitútov korešpondujú s najvýznamnejšími obchodnými partnermi Slovenska. Záujem o šírenie kultúry a jazy...

Description complète

Enregistré dans:
Détails bibliographiques
Auteur principal: Čiefová, Michaela, 1991-
Format: Chapitre de livre
Langue:anglais
Sujets:
Tags: Ajouter un tag
Pas de tags, Soyez le premier à ajouter un tag!

MARC

LEADER 00000naa a2200000 4500
001 0261220
005 20240502074139.8
041 0 |a eng 
044 |a SK 
245 1 0 |a Cultural Diplomacy and Foreign Trade Corellation - The Case of Slovakia 
520 |a Preskúmanie vzťahu medzi kultúrnou diplomaciou Slovenska a bilaterálnymi hospodárskymi vzťahmi s krajinami, v ktorých sa nachádza slovenský inštitút. Zistenie či lokality slovenských kultúrnych inštitútov korešpondujú s najvýznamnejšími obchodnými partnermi Slovenska. Záujem o šírenie kultúry a jazyka krajiny. 
610 2 0 |a diplomacia 
610 2 0 |a kultúra 
610 2 0 |a inštitúcie kultúrne 
610 2 0 |a obchod zahraničný 
610 2 0 |a Slovensko 
610 2 0 |a kompetencie interkultúrne 
100 1 |a Čiefová, Michaela, 1991-